书目信息 |
| 题名: |
天涯论剑
|
|
| 作者: | 罗灯光 著 | |
| 分册: | ||
| 出版信息: | 北京 光明日报出版社 2016 |
|
| 页数: | 248页 | |
| 开本: | 23cm | |
| 丛书名: | ||
| 单 册: | ||
| 中图分类: | C539 | |
| 科图分类: | ||
| 主题词: | 杂著--中国--现代--文集 | |
| 电子资源: | ||
| ISBN: | 978-7-5112-9951-2 | |
| 000 | 00715nam0 2200229 450 | |
| 001 | 1665848687 | |
| 005 | 20160804023015.0 | |
| 010 | @a978-7-5112-9951-2@dCNY45.00 | |
| 100 | @a20160413d2016 em y0chiy50 ea | |
| 101 | 0 | @achi |
| 102 | @aCN@b110000 | |
| 105 | @ay z 000zy | |
| 106 | @ar | |
| 200 | 1 | @a天涯论剑@9tian ya lun jian@f罗灯光著 |
| 210 | @a北京@c光明日报出版社@d2016 | |
| 215 | @a248页@d23cm | |
| 300 | @a光明版 | |
| 330 | @a本书是作者思考与调研、汗水与智慧的结晶,主要内容包括:文化建设、旅游建设、人才与教育、思想理论建设、发展与整治、调研报告、政协提案、社情民意信息。 | |
| 606 | 0 | @a杂著@y中国@z现代@j文集 |
| 690 | @aC539@v5 | |
| 701 | 0 | @a罗灯光@9luo deng guang@4著 |
| 905 | @aBZT@dC539@e4 | |
| 天涯论剑/罗灯光著.-北京:光明日报出版社,2016 |
| 248页;23cm |
| 光明版 |
| ISBN 978-7-5112-9951-2:CNY45.00 |
| 本书是作者思考与调研、汗水与智慧的结晶,主要内容包括:文化建设、旅游建设、人才与教育、思想理论建设、发展与整治、调研报告、政协提案、社情民意信息。 |
| ● |
| 相关链接 |
|
|
|
正题名:天涯论剑
索取号:C539/4
 
预约/预借
| 序号 | 登录号 | 条形码 | 馆藏地/架位号 | 状态 | 备注 |
| 1 | 814668 | 2000814668 | 第二书库/ [索取号:C539/4] | 在馆 | |
| 2 | 814669 | 2000814669 | 第二书库/ [索取号:C539/4] | 在馆 | |
| 3 | 814670 | 2000814670 | 第二书库/ [索取号:C539/4] | 在馆 |